000 00802nam a22001937a 4500
999 _c164290
_d164290
005 20190515154722.0
010 _aUR-10125
020 _c100.00
_a9789386624956
035 _aU-8680
037 _bDBAD/PUB
082 _a841
100 _aپر و فيسر عا شق ہر گا نو ی
245 _aنيو يا ر ک ميں ا ر د و غز ل ما مو ن ايمن کے حو ا لے سے
_cپر و فيسر عا شق ہر گا نو ی
246 _b‏New York mein Urdu Ghazal:Mamoon Aiman Ke Hawale se (Urdu)
_aby Prof.Manazir Harganvi
260 _a Delhi
_bEducational Publishing House
_c2017 ء
270 _a3191،Vakil Street,Kucha Pandit,Lal Kuan,
_bDelhi
_e110006
_k23216162
_l00911123211540
300 _a72ص
_c22 Cm.(bk)
942 _2ddc
_cUR
_h841.947
_mہ ر گ